Leeds, 1720. The American almanack for the year of Christian account, 1720 : ... Fitted to the latitude of 40 degrees, and a meridian of five hours west from London, but may without sensible error, serve all the adjacent places even from Newfound-Land to Carolina. /

Bibliographic Details
Main Author: Leeds, Titan, 1699-1738
Format: eBook
Language:English
Series:Early American imprints. Evans (1639-1800) ; no. 39725.
Subjects:
Online Access:Evans Digital Edition

MARC

Tag First Indicator Second Indicator Subfields
LEADER 00000cam a22000001a 4500
001 in00002139591
006 m e d #
007 cr mn mmmmabba
008 870402s1719 nyua s 000 0 eng d
005 20260330213026.5
035 |z w002213 
035 |a MAAR8704023302B 
035 |9 mwa91-3552 
035 |a 320792 
035 |a aas03002213 
040 |a MWA  |c MWA  |e bdrb  |d UtOrBLW 
100 1 |a Leeds, Titan,  |d 1699-1738. 
245 1 0 |a Leeds, 1720. The American almanack for the year of Christian account, 1720 :  |b ... Fitted to the latitude of 40 degrees, and a meridian of five hours west from London, but may without sensible error, serve all the adjacent places even from Newfound-Land to Carolina. /  |c By Titan Leeds, philomat. ; [Four lines of verse]. 
264 3 |a [New York] :  |b Printed and sold by William Bradford, in New-York,  |c Anno MDCCXX [i.e., 1719?] 
300 |a 24 unnumbered pages :  |b illustrations ;  |c (octavo) 
336 |a text  |b txt  |2 rdacontent 
337 |a computer  |b c  |2 rdamedia 
338 |a online resource  |b cr  |2 rdacarrier 
500 |a Printed from the same setting of type as the issue with imprint: Printed and sold by Andrew Bradford, at the Sign of the Bible, in Second Street in Philadelphia (Evans 2028). 
500 |a The Anatomy is the only illustration. 
500 |a Advertisement for John Hyatt, brass founder, page [2]. 
500 |a Prospectus for the American Mercury, Philadelphia, page [23]. 
510 4 |a Bristol  |c B585 
510 4 |a Shipton & Mooney  |c 39725 
510 4 |a Drake, M. Almanacs,  |c 5567 
530 |a Microform version available in the Readex Early American Imprints series. 
533 |a Electronic text and image data.  |b [Chester, Vt. :  |c Readex, a division of Newsbank, Inc.,  |d 2002-2004.  |e Includes files in TIFF, GIF and PDF formats with inclusion of keyword searchable text.  |f (Early American imprints. First series ; no. 39725). 
500 |a Electronic resource. 
655 7 |a Almanacs  |z New York (State)  |y 1720.  |2 rbgenr 
655 7 |a Advertisements  |x Brass founding.  |2 rbgenr 
655 7 |a Prospectuses.  |2 rbgenr 
752 |a United States  |b New York  |d New York. 
830 0 |a Early American imprints.  |n Series I,  |p Evans (1639-1800) ;  |v no. 39725. 
856 4 1 |u http://proxy.library.tamu.edu/login?url=https://opac.newsbank.com/select/evans/39725  |y Evans Digital Edition  |t 0 
999 |a MARS 
999 f f |s c213fbbf-12ce-3462-b774-284db22b799b  |i 467aaff8-ac26-328d-bd55-f9fee4ab92f3  |t 0 
952 f f |a Texas A&M University  |b College Station  |c Electronic Resources  |s www_evans  |d Available Online  |t 0  |h No information provided 
998 f f |t 0  |l Available Online